00429nam a2200121Ia 4500008004100000041000800041100001700049245004200066250001200108260007100120999001900191952009700210231129s2015 xx 000 0 und d aeng aBrandon eley aThe Art & Science of online marketing a2015 Ed aShroff Publishers Ltd. MumbaibShroff Publishers Ltd. Mumbaic2015 c941555d941555 00104070aDMMbDMMd2023-11-30g425.00l0pDMM-PG3524r2023-11-30 00:00:00w2023-11-30yBK